Central Library OPAC University of Rajshahi

The poet at the breakfast-table / (Record no. 22730)

MARC details
000 -LEADER
fixed length control field 00657cam a2200229 a 4500
001 - CONTROL NUMBER
control field 22730
003 - CONTROL NUMBER IDENTIFIER
rucl marc code BD-RjUL
005 - DATE AND TIME OF LATEST TRANSACTION
control field 20211209000838.0
008 - FIXED-LENGTH DATA ELEMENTS--GENERAL INFORMATION
fixed length control field 140309s1891 enk 000 0 eng
035 ## - SYSTEM CONTROL NUMBER
System control number (BD-RjUL)22795
040 ## - CATALOGING SOURCE
Original cataloging agency DLC
Transcribing agency DLC
Modifying agency DLC
-- BD-RjUL
Language of cataloging eng
041 ## - LANGUAGE CODE
Language code of text/sound track or separate title eng
082 00 - DEWEY DECIMAL CLASSIFICATION NUMBER
Edition number 19
Classification number 824
Author mark and year HOP 1891
100 1# - MAIN ENTRY--PERSONAL NAME
Personal name Holmes, Oliver Wendell,
Dates associated with a name 1809-1894.
9 (RLIN) 67483
245 14 - TITLE STATEMENT
Title The poet at the breakfast-table /
Statement of responsibility, etc. by Oliver Wendell Holmes.
260 ## - PUBLICATION, DISTRIBUTION, ETC. (IMPRINT)
Place of publication, distribution, etc. London :
Name of publisher, distributor, etc. The walter scot publishing,
Date of publication, distribution, etc. 1891.
300 ## - PHYSICAL DESCRIPTION
Pagination 320 p. ;
Size 19 cm.
650 #0 - SUBJECT ADDED ENTRY--TOPICAL TERM
Topical term or geographic name as entry element English fiction
9 (RLIN) 70114
942 ## - ADDED ENTRY ELEMENTS (KOHA)
Source of classification or shelving scheme Dewey Decimal Classification
Koha item type Books
Holdings
Lost status Source of classification or shelving scheme Damaged status Not for loan Collection code Permanent Location Current Location Shelving location Date acquired Source of acquisition Total Checkouts Full call number Date last seen Copy number Koha item type
  Dewey Decimal Classification     Non-fiction Central Library, University of Rajshahi Central Library, University of Rajshahi   18/02/1957 Puthia Ray Estate   824 HOP 1891 09/03/2014 C-2 Books
  Dewey Decimal Classification   Not For Loan Non-fiction Central Library, University of Rajshahi Central Library, University of Rajshahi Reading Room 24/09/1955 B.H. blackwood   824 HOP 1944 18/05/2025 C-1 Books